| 000 | 00937nam a2200313 b 4500 | ||
|---|---|---|---|
| 001 | 0000598 | ||
| 003 | DO-SdBNP | ||
| 005 | 20240719094950.0 | ||
| 007 | 0000598 | ||
| 008 | 040607s 2011 sp a || ||spa | ||
| 017 |
_a _b |
||
| 020 | _a9788466369800 | ||
| 035 | _a | ||
| 040 |
_aBPMSU _bspa _cBPMSU _e |
||
| 082 | 4 |
_aM861.6 _bM778o 2011 _222 |
|
| 100 |
_aMonterroso, Augusto _d1921-2003 |
||
| 245 | 1 | 3 |
_aLa oveja negra: _by demás fábulas / _cAugusto Monterroso _h |
| 250 | _a4a. ed. | ||
| 260 |
_aMadrid : _bSantillana ediciones generales, _c2011. |
||
| 300 |
_a74 p. : _bil. ; _c19 cm |
||
| 490 | 0 |
_aPunto de lectura, _v205 / 1 |
|
| 500 | _aIncluye datos biográficos del autor. | ||
| 500 | _aIncluye índice onomástico y geográfico. | ||
| 590 | _aInventariado, 2024/VM | ||
| 650 | 4 | _aFábulas guatemaltecas | |
| 650 | 4 | _aProsa Guatemaltecas | |
| 910 | _aVMateo V. Control de calidad. BPMSU | ||
| 942 |
_2ddc _cBK |
||
| 999 |
_c11121 _d11121 |
||